Quelle image est de l'IA ? - Statistiques

Statistiques générales
  • Ce quiz a été pris 298 fois
  • Le résultat moyen est 24 sur 30
Statistiques - réponses
Question Tuile Select % Correct
Selfies Non
98%
Photo de renard Non
97%
Photo de renard Non
96%
La Tour Eiffel Non
96%
Art Non
96%
Pizza Non
96%
Selfies Non
95%
Art Non
95%
Photo de renard Non
94%
La Tour Eiffel Non
94%
La Tour Eiffel Non
92%
Selfies Oui
92%
Photo de renard Oui
91%
Pizza Non
91%
Selfies Non
90%
Selfies Non
90%
Art Non
90%
Pizza Non
90%
Selfies Non
89%
Art Non
86%
Pizza Non
83%
Photo de renard Non
81%
Photo de renard Non
77%
Pizza Oui
75%
Pizza Non
70%
La Tour Eiffel Non
63%
La Tour Eiffel Non
54%
La Tour Eiffel Oui
38%
Art Oui
13%
Art Non
9%
Aucun quiz correspondant
Distribution des résultats
% des personnes avec chaque résultat
Percentile par nombre de réponses
Votre historique - résultats
Vous n’avez pas pris ce quiz